Normal view MARC view
  • Menéndez, Rodolfo,

Entry Nombre Personal

Number of records used in: 5

001 - NUMERO DE CONTROL

  • campo de control: 34112

003 - IDENTIFICADOR DE NUMERO DE CONTROL

  • campo de control: MX-MxUPN

005 - FECHA Y HORA DE LA ÜLTIMA TRANSACCIÓN

  • campo de control: 20240509094726.0

008 - DATOS DE LONGITUD FIJA

  • campo de control de longitud fija: 240509nn|acannaabn | aaa |d

035 ## - NUMERO DE CONTROL

  • Número de control: UPN11000006219

040 ## - FUENTE DE CATALOGACIÓN

  • Lenguaje de catalogación: spa
  • Agencia de transcripción: MX-MxUPN
  • Agencia original de catalogación: MX-MxUPN

100 1# - ENCABEZAMIENTO - NOMBRE PERSONAL

  • Nombre personal: Menéndez, Rodolfo,
  • Fechas asociadas con el nombre: 1850-1928

374 ## - OCUPACIÓN

  • Occupation: Pedagogo
  • Occupation: Periodista
  • Occupation: Escritor

400 1# - VEÁSE - NOMBRE DE PERSONA

  • Personal name: Menéndez de la Peña, Rodolfo,
  • Dates associated with a name: 1850-1928

670 ## - FUENTE EN LA QUE SE LOCALIZARON DATOS

  • Cita de la fuente: LC, 09 mayo 2024:
  • Información localizada: (Menéndez, Rodolfo, 1850-1928)
  • Uniform Resource Identifier: https://lccn.loc.gov/n81088015

680 ## - NOTA PUBLICA DE ACCESO PÚBLICO

  • Frase explicativa de la referencia: Pedagogo, periodista y escritor mexicano

902 ## - CATALOGADOR

  • Catalogador: MCM/060913